Marketingové špecifiká vybraného subjektu diplomová práca

Gespeichert in:
Bibliographische Detailangaben
1. Verfasser: Siváková, Simona
Körperschaft: Podnikovohospodárska fakulta EU so sídlom v Košiciach. Katedra marketingu a obchodu
Weitere Verfasser: Lieskovská, Vanda, 1961-
Format: Buch
Sprache:Slowakisch
Veröffentlicht: Košice 2013
Tags: Tag hinzufügen
Keine Tags, Fügen Sie das erste Tag hinzu!

MARC

LEADER 00000nbm a2200000 4500
001 0170266
005 20170315090437.8
041 0 |a slo 
044 |a SK 
245 1 0 |a Marketingové špecifiká vybraného subjektu  |b diplomová práca  |c Simona Siváková ; školiteľ: Vanda Lieskovská 
264 1 |a Košice  |c 2013 
300 |a 81 s. 
100 1 |a Siváková, Simona 
700 1 |a Lieskovská, Vanda, 1961- 
710 2 |a Podnikovohospodárska fakulta EU so sídlom v Košiciach. Katedra marketingu a obchodu